000 00626nam a2200181Ia 4500
008 151018s9999 xx 000 0 und d
082 _bRBASDV17771
_a891.463
100 _aदिनकर नीलकंठ देशपांडे
245 _aएक होता सरदार
250 _b1
260 _bहिरक
_c1983
300 _a67
600 _aदिनकर नीलकंठ देशपांडे
630 _aएक होता सरदार
700 _aदिनकर नीलकंठ देशपांडे
730 _aएक होता सरदार
942 _cBOOK
999 _c1018449
_d1018446